Les Indiens de l'Amerique du Sud

Αποθηκεύτηκε σε:
Λεπτομέρειες βιβλιογραφικής εγγραφής
Κύριος συγγραφέας: Metraux, Alfred, 1902-1963
Άλλοι συγγραφείς: Meunier, Jacques, 1941-2004 (Συγγραφέας εισαγωγής κ.λπ.)
Μορφή: Βιβλίο
Γλώσσα:French
Δημοσίευση: Paris : A.-M. Metailie, c1982
Σειρά:Collection Traverses
Θέματα:
Ετικέτες: Προσθήκη ετικέτας
Δεν υπάρχουν, Καταχωρήστε ετικέτα πρώτοι!

MARC

LEADER 00000cam a2200000 i 4500
001 1/7120
008 000620s1982 fre d
020 |a 2864240114 
035 |l 10062171 
040 |a GR-MY-UA  |b gre  |e aacr 
041 0 |a fre 
082 0 |a 980.00498 
100 1 |a Metraux, Alfred,   |d 1902-1963. 
245 1 4 |a Les Indiens de l'Amerique du Sud /  |c Alfred Metraux ; postface de Jacques Meunier 
260 |a Paris :   |b A.-M. Metailie,   |c c1982 
300 |a 138 p.  |b ill. 
490 1 |a Collection Traverses 
650 0 0 |a Indians of South America. 
650 0 0 |a Ethnology  |z South America. 
700 1 |a Meunier, Jacques,   |d 1941-2004.  |4 aui 
830 0 |a Collection Traverses 
852 |a INST  |b LESVOS  |e 20000620  |h 980.00498 MET  |p 005100023961  |q 005100023961  |t BK  |y 0 
909 |a Λ  |b 034001 
970 |z 2000/06/ΟΙΚΟΝΟΜΟΠΟΥΛΟΥ ΧΡΙΣΤΙΝΑ